000 00299nam a2200121Ia 4500
005 20260328101517.0
008 260328s9999||||xx |||||||||||||| ||und||
100 _aSaltmarsh, John
245 0 _aKing's College Chapel /
_cJohn Saltmarsh
260 _bJarrod & Sons
650 _aEDAD MEDIA
942 _cBK
999 _c9410
_d9410